000 00899nam a2200241 i 4500
001 185482
003 SpMaBN
005 20250818042554.0
008 160610s1978 sp |||| | spa d
020 _a84-336-0142-3
080 _a330.342.14(04)
245 0 0 _aEstudios sobre el nacimiento y desarrollo del capitalismo /
_cDavid S. Landes, Pierre Vilar, Christopher Hill ... [et al.] ; [traductores, Jorge Fabra Utray, Leopoldo Pérez Pita y Geneviève Corcelle].
260 _aMadrid :
_bAyuso,
_c[1978]
300 _a193 p. ;
_c20 cm.
490 1 _aAyuso.
_aHistoria ;
_v4
650 0 7 _aCapitalismo.
_910760
700 1 _aLandes, David S.
_969945
700 1 _aVilar, Pierre,
_d1906-2003
_9114800
700 1 _aHill, Christopher.
_963696
830 0 _aAyuso.
_aHistoria ;
_v4
_9225225
852 _aES-MaACL
_jL-30370
_z. - Donat. Miguel A. Velasco
999 _c185482
_d185482